Mengurus sekolah

Bibliographic Details
Main Author: Abdullah Sani Yahaya
Corporate Author: Title
Format: Book
Published: Pahang : PTS Professional Publishing , 2005
Series:Siri pengurusan sekolah
Subjects:

MARC

LEADER 00000cam a2200000 7i4500
001 0000012801
005 20080103.0
008 080103
020 |a 9833376657 
090 0 0 |a 371.2   |b ABD 
100 0 |a Abdullah Sani Yahaya 
245 1 0 |a Mengurus sekolah   |c Abdullah Sani Yahaya 
260 |a Pahang :   |b PTS Professional Publishing ,   |c 2005 
440 |a Siri pengurusan sekolah 
650 0 |a Educational planning 
650 0 |a School management and organization 
710 0 |a Title 
999 |a 0000909571   |b Book   |c Adult Collection   |e Cawangan Bandar Tenggara 
999 |a 0001010461   |b Book   |c Adult Collection   |e Perbadanan Perpustakaan Awam Johor 
999 |a 0001010462   |b Book   |c Adult Collection   |e Perbadanan Perpustakaan Awam Johor 
999 |a 0001010463   |b Book   |c Adult Collection   |e Perbadanan Perpustakaan Awam Johor 
999 |a 000890545   |b Book   |c Adult Collection   |e Cawangan Batu Pahat